[Event "Doeberl Cup Minor 47th"]
[Site "Canberra"]
[Date "2009.04.12"]
[Round "5"]
[White "McPherson, E."]
[Black "Adler, David"]
[Result "0-1"]
[WhiteElo "1211"]
[BlackElo "1454"]
[PlyCount "60"]
[EventDate "2009.04.10"]
[EventType "swiss"]
[EventRounds "6"]
[EventCountry "AUS"]
[SourceTitle "CBM 129 Extra"]
[Source "ChessBase"]
[SourceDate "2009.05.05"]
[SourceVersion "2"]
[SourceVersionDate "2009.05.20"]
[SourceQuality "1"]

1. e4 c5 2. b3 d6 3. Bb2 Nc6 4. f4 Nf6 5. d3 Qc7 6. Nc3 Nd4 7. h3 b5 8. Nf3 b4 9. Nxd4 bxc3 10. Nb5 Qa5 11. Nxc3 g6 12. Qd2 Bh6 13. g4 Bg7 14. g5 Nh5 15. Be2 Nxf4 16. Nd5 Qxd2+ 17. Kxd2 Bxb2 18. Nc7+ Kd7 19. Nxa8 Bxa1 20. Rxa1 Nxe2 21. Kxe2 Bb7 22. Rf1 Rf8 23. Ke3 Bxa8 24. d4 cxd4+ 25. Kxd4 Ke6 26. c4 f5 27. gxf6 Rxf6 28. Rxf6+ Kxf6 29. b4 e5+ 30. Ke3 g5 0-1

[Event "Doeberl Cup Minor 47th"]
[Site "Canberra"]
[Date "2009.04.12"]
[Round "6"]
[White "Renzies, Elliott"]
[Black "McPherson, E."]
[Result "0-1"]
[WhiteElo "1405"]
[BlackElo "1211"]
[PlyCount "100"]
[EventDate "2009.04.10"]
[EventType "swiss"]
[EventRounds "6"]
[EventCountry "AUS"]
[SourceTitle "CBM 129 Extra"]
[Source "ChessBase"]
[SourceDate "2009.05.05"]
[SourceVersion "2"]
[SourceVersionDate "2009.05.20"]
[SourceQuality "1"]

1. e4 e6 2. Nc3 d5 3. d4 dxe4 4. f3 exf3 5. Nxf3 Nc6 6. Bb5 Bd7 7. 0-0 Be7 8. d5 exd5 9. Nxd5 Bc5+ 10. Kh1 Nce7 11. Bxd7+ Qxd7 12. Re1 c6 13. b4 Bb6 14. Bb2 f6 15. Nxb6 Qxd1 16. Raxd1 axb6 17. a3 h5 18. Nd4 Rd8 19. Rd3 c5 20. Nb5 Rxd3 21. cxd3 Kd7 22. Nc3 Nh6 23. bxc5 bxc5 24. Na4 Rc8 25. Nb6+ Kd8 26. Nxc8 Nxc8 27. a4 Nf5 28. d4 c4 29. Bc3 Kd7 30. Kg1 Nb6 31. a5 Nd5 32. Rc1 Kc6 33. Bd2 Kb5 34. Kf2 Nxd4 35. Bc3 Nb3 36. Rc2 g6 37. Kf3 Nxc3 38. Rxc3 Kxa5 39. Ke3 Kb4 40. Rc2 b5 41. Kf4 Nd4 42. Rb2+ Ka3 43. Rd2 c3 44. Rd3 Ne6+ 45. Ke3 b4 46. Rd6 c2 47. Kd2 Kb2 48. Rc6 b3 49. Rc3 Nd4 50. Rc4 Ne2 0-1